000
00479nam a2200181Ia 4500
008
090124s9999 xx 000 0 und d
082
_b
46815
100
_a
जाखोटिया गिरीश प.
245
_a
वंश
250
_a
1
260
_c
2008
300
_a
246
600
_a
जाखोटिया गिरीश प.
630
_a
वंश
700
_a
जाखोटिया गिरीश प.
730
_a
वंश
942
_c
BOOK
999
_c
113041
_d
113041